Roth Americakakkrthire Upajapam (Record no. 137605)

MARC details
000 -LEADER
fixed length control field 00518nam a22001937a 4500
003 - CONTROL NUMBER IDENTIFIER
control field OSt
005 - DATE AND TIME OF LATEST TRANSACTION
control field 20251206140344.0
008 - FIXED-LENGTH DATA ELEMENTS--GENERAL INFORMATION
fixed length control field 251206b |||||||| |||| 00| 0 eng d
020 ## - INTERNATIONAL STANDARD BOOK NUMBER
International Standard Book Number 978-81-264-2924-0
040 ## - CATALOGING SOURCE
Transcribing agency SBCL
082 ## - DEWEY DECIMAL CLASSIFICATION NUMBER
Classification number 823
Item number SRE-R
100 ## - MAIN ENTRY--PERSONAL NAME
Personal name Sreenivasan,S
245 ## - TITLE STATEMENT
Title Roth Americakakkrthire Upajapam
Remainder of title The Plot Aganist America
260 ## - PUBLICATION, DISTRIBUTION, ETC.
Place of publication, distribution, etc. Kottayam
Name of publisher, distributor, etc. DC Books
300 ## - PHYSICAL DESCRIPTION
Extent 439p.
630 ## - SUBJECT ADDED ENTRY--UNIFORM TITLE
General subdivision Literature, rhetoric & criticism
650 ## - SUBJECT ADDED ENTRY--TOPICAL TERM
Topical term or geographic name entry element English & Old English literatures
942 ## - ADDED ENTRY ELEMENTS (KOHA)
Koha item type BOOK
Holdings
Withdrawn status Lost status Source of classification or shelving scheme Damaged status Not for loan Home library Current library Date acquired Cost, normal purchase price Total Checkouts Full call number Barcode Shelving location Date last seen Price effective from Koha item type
    Dewey Decimal Classification     SB LIBRARY SB LIBRARY 06/12/2025 250.00   894.8123 SRE-R 131336 GENERAL STACK 06/12/2025 06/12/2025 BOOK

Powered by Koha